Sports Quiz

Random Sports or NFL Quiz

Most Sacked NFL QBs per Year Quiz Stats

 Plays Quiz Updated Jan 12, 2018

Challenge
Share
Tweet
Embed
Score 0/49 Timer 07:00
1 Play Today
Year Player % Correct
2009Ben Roethlisberger/Aaron Rodgers
97%
2012Aaron Rodgers
96.7%
2010Jay Cutler
91.2%
2014Blake Bortles
89%
2015Blake Bortles
89%
2016Tyrod Taylor
87.1%
2011Alex Smith
86%
2013Ryan Tannehill
85.2%
2008Matt Cassel
78.6%
2005David Carr
74.6%
2004David Carr
74.6%
2002David Carr
74.6%
1994John Elway
69.2%
1975Archie Manning
66.6%
1972Archie Manning
66.6%
1971Archie Manning
66.6%
2017Jacoby Brissett
66.6%
1992Randall Cunningham
62.2%
1990Randall Cunningham
62.2%
1988Randall Cunningham
62.2%
1987Randall Cunningham
62.2%
1986Randall Cunningham
62.2%
2001Mark Brunell
60.2%
1996Mark Brunell
60.2%
2007Jon Kitna
52.3%
Year Player % Correct
2006Jon Kitna
52.3%
1999Tim Couch
48.6%
1974Roger Staubach
48.3%
2003Drew Bledsoe
47.7%
1982Neil Lomax/Ron Jaworski
47.4%
1983Ron Jaworski
46.7%
1977Ron Jaworski
46.7%
1998Trent Green/Jake Plummer
43%
1979Ken Anderson
38.7%
1997Jeff George
34.4%
1991Jeff George
34.4%
1989Ken O'Brien
31.6%
1985Ken O'Brien
31.6%
1984Tony Eason
29.1%
1995Dave Krieg
28.3%
1978Jim Zorn
24.7%
1993Rick Mirer
20.7%
2000Steve Beuerlein
19%
1981Craig Morton
18.8%
1969Sonny Jurgensen
18.7%
1970John Hadl
11.5%
1976Greg Landry
7.3%
1973Mike Phipps
3.8%
1980Steve Fuller
2.8%

You're not logged in!

Compare scores with friends on all Sporcle quizzes.
Join for Free
OR
Log In

You Might Also Like...

Show Comments

Extras

Top Quizzes Today


Score Distribution

Your Account Isn't Verified!

In order to create a playlist on Sporcle, you need to verify the email address you used during registration. Go to your Sporcle Settings to finish the process.

Report this User

Report this user for behavior that violates our Community Guidelines.

Details: